LEADER 01444nam0 22002891i 450 001 UON00079639 005 20231205102424.364 010 $a35-15-03035-2 100 $a20020107d1999 |0itac50 ba 101 $ager$aETH 102 $aDE 105 $a|||| ||||| 200 1 $aAethiopische handschriften vom Tanasee 3: Nebst einem Nachtrag zum Katalog der aethiopischen Handschriften deutscher Biblioteken und Museen$fVeronika Six 210 $aStuttgart$cSteiner$d1999 215 $a508 p.$d29 cm 410 1$1001UON00065705$12001 $aVerzeichnis der Orientalischen Handschriften in Deutschland$fIm Einvernehmen mit der deutschen Morgenlandischen Gesellschaft herausgegeben von Wolfgang Voigt$v20,3 606 $aManoscritti etiopici$xCataloghi$3UONC018367$2FI 620 $aDE$dWiesbaden$3UONL003153 676 $a011.31$cCATALOGHI DI MANOSCRITTI$v21 700 1$aSix$bVeronika$3UONV044807$00 712 $aSteiner$3UONV245907$4650 801 $aIT$bSOL$c20260410$gRICA 899 $aSIBA - SISTEMA BIBLIOTECARIO DI ATENEO E ARCHIVIO STORICO$2UONSI 912 $aUON00079639 950 $aSIBA - SISTEMA BIBLIOTECARIO DI ATENEO E ARCHIVIO STORICO$dSI GEN C 006/3 $eSI AA 22688 7 006/3 996 $aAethiopische handschriften vom Tanasee 3: Nebst einem Nachtrag zum Katalog der aethiopischen Handschriften deutscher Biblioteken und Museen$91301040 997 $aUNIOR